01325nam a22003374a 4500001001200000003000800012006001900020007001500039008004100054010001700095020001500112040002100127035002000148050002800168051003100196082002200227110004200249245009000291246002200381260005000403300003100453504005200484533015200536610004200688650004100730651002900771655002900800710001700829856012600846999001500972ebr10022129CaPaEBRm u cr cn|||||||||981008s2000 dcua sb f000 0 eng  z 98047561  z0844409723 aCaPaEBRcCaPaEBR a(OCoLC)7076617914aZ3001b.L47 2000aDS5eb aZ663.38b.L47 1999cCopy 304a026/.95/097532212 aLibrary of Congress.bAsian Division.10aLibrary of Congress Asian collectionsh[electronic resource] :ban illustrated guide.30aAsian collections aWashington, DC :bLibrary of Congress,c2000. a80 p. :bill. (some col.). aIncludes bibliographical references (p. 76-80). aElectronic reproduction.bPalo Alto, Calif. :cebrary,d2013.nAvailable via World Wide Web.nAccess may be limited to ebrary affiliated libraries.20aLibrary of Congress.bAsian Division. 0aLibrary resourceszWashington (D.C.) 0aAsiaxLibrary resources. 7aElectronic books.2local2 aebrary, Inc.40uhttp://site.ebrary.com/lib/rucke/Doc?id=10022129zAn electronic book accessible through the World Wide Web; click to view c9691d9691